Spanish Beers - Statistics

General Stats
  • This quiz has been taken 16 times
  • The average score is 4 of 10
Answer Stats
Hint Answer % Correct
Manila (Spanish Empire) San Miguel
91%
Madrid Mahou
73%
A Coruña Estrella Galicia
64%
Sevilla Cruzcampo
55%
Barcelona Estrella Damm
55%
Malaga Victoria
45%
Granada Alhambra
27%
Barcelona Moritz
18%
Zaragoza Ambar
0%
Valencia Turia
0%
No matching quizzes found
Score Distribution
Percent of People with Each Score
Percentile by Number Answered
Your Score History
You have not taken this quiz